00616nam a2200193 a 450000100060000000300080000600500170001400800410003103500190007204000330009104100080012408200300013210000160016224501060017826000490028430000290033350400370036265000230039970504BD-RjUL20211209082017.0170417s1967 enka b 001 0 eng d a(BD-RjUL)70718 aDLCcIAUdm.c.dBD-RjULbeng aeng a304.6096894223bKAS 19671 aKay, George12aA Social geography of Zambia :ba survey of population patterns in a developing country /cGeorge Kay aLondon :bUniversity of London Press,c1967. a160 p. :bill. ;c26 cm. aIncludes Bibliography and Index. aPopulationzZambia